| 000 | 00639nam a22001695i 4500 | ||
|---|---|---|---|
| 001 | 164064 | ||
| 003 | ES-MaACL | ||
| 005 | 20230906212850.0 | ||
| 008 | 020606s1909 sp |||| | spa d | ||
| 040 |
_aCAM _bspa _cCAM |
||
| 100 | 1 |
_aRovita y Serra, Manuel. _9132130 |
|
| 245 | 1 | 0 |
_aRío abajo _b: drama en tres actos / _coriginal de Manuel Rovira y Serra. |
| 260 |
_aMadrid : _b[s.n.], _c1909 ( _fR. Velasco imp.) |
||
| 300 |
_a81 p. ; _c20 cm. |
||
| 596 | 1 | _aEn verso de la antep. consta: "... Sociedad de Autores Españoles ..." | |
| 852 |
_aES-MaACL _jG-3519(8) _z-- Enc. tela, falto de la cub. original _z-- Enc. en un vol. facticio |
||
| 999 |
_c164064 _d164064 |
||